000 00536nam a2200157Ia 4500
999 _c53412
_d53412
003 GCL
005 20240530105130.0
008 140319s9999 xx 000 0 ara d
040 _aGCL /
_cGCL
082 0 4 _a222.7
_bا ا
100 1 _aالنيسابورى : ابى الحسن على بن احمد الواحد
245 1 0 _aاسباب النزول /
_cالنيسابورى : ابى الحسن على بن احمد الواحد
260 _a[S.N] :
_bالمكتبة الثقافية ،
_c1993
300 _a266 ص
942 _2ddc
_cBK